[Event "VIE-ch U11 Girls"]
[Site "Ho Chi Minh City"]
[Date "2014.07.15"]
[Round "5"]
[White "Nguyen, Hoang Yen Ngan"]
[Black "Tran, Nhat Phuong"]
[Result "0-1"]
[WhiteElo "1727"]
[BlackElo "1718"]
[PlyCount "118"]
[EventDate "2014.07.13"]
[EventType "swiss"]
[EventRounds "9"]
[EventCountry "VIE"]
[SourceTitle "EXT 2016"]
[Source "ChessBase"]
[SourceDate "2015.10.08"]
[SourceVersion "1"]
[SourceVersionDate "2015.10.08"]
[SourceQuality "1"]

1. e4 e6 2. d4 d5 3. exd5 exd5 4. Bf4 Nf6 5. Nc3 Bd6 6. Bg3 Bf5 7. Bd3 Bg6 8. Nf3 c6 9. 0-0 0-0 10. Re1 Bxg3 11. hxg3 Nbd7 12. Ne5 Bxd3 13. Qxd3 Qc7 14. Re3 Rfe8 15. Rae1 Nxe5 16. Rxe5 Rxe5 17. Rxe5 Re8 18. Qe2 Rxe5 19. Qxe5 Qxe5 20. dxe5 Ng4 21. f4 Ne3 22. Kf2 Nxc2 23. Ke2 Kf8 24. Kd3 Nb4+ 25. Kd4 Ke7 26. a3 Na6 27. Na2 Ke6 28. Nc1 f6 29. exf6 Kxf6 30. g4 g6 31. Nd3 Ke6 32. Ne5 Nc7 33. Kc5 Na6+ 34. Kd4 Nb8 35. b4 Nd7 36. Nxd7 Kxd7 37. Ke5 b6 38. a4 a6 39. g3 Ke7 40. f5 gxf5 41. gxf5 Kf7 42. g4 h6 43. Kd4 b5 44. a5 Kf6 45. Kc5 h5 46. gxh5 Kxf5 47. h6 Kg6 48. h7 Kxh7 49. Kd4 Kg6 50. Kc5 Kf5 51. Kd4 Kf4 52. Kc5 Kf3 53. Kd4 Ke2 54. Kc5 Kd2 55. Kd4 Kc2 56. Kc5 Kb3 57. Kxc6 d4 58. Kb6 Kxb4 59. Kxa6 d3 0-1

[Event "VIE-ch U11 Girls"]
[Site "Ho Chi Minh City"]
[Date "2014.07.14"]
[Round "3"]
[White "Nguyen, Hoang Yen Ngan"]
[Black "Nguyen, Thi Kim Tuyen"]
[Result "0-1"]
[WhiteElo "1727"]
[BlackElo "1702"]
[PlyCount "108"]
[EventDate "2014.07.13"]
[EventType "swiss"]
[EventRounds "9"]
[EventCountry "VIE"]
[SourceTitle "EXT 2016"]
[Source "ChessBase"]
[SourceDate "2015.10.08"]
[SourceVersion "1"]
[SourceVersionDate "2015.10.08"]
[SourceQuality "1"]

1. e4 c5 2. Nf3 e6 3. d4 cxd4 4. Qxd4 Nc6 5. Qd1 Qc7 6. Nc3 a6 7. Be3 Nf6 8. Be2 Be7 9. 0-0 0-0 10. h3 d6 11. Nd4 Bd7 12. Qd2 Rac8 13. Rad1 b5 14. a3 Na5 15. b4 Qxc3 16. bxa5 Nxe4 17. Qc1 Qxa5 18. Bd3 Nf6 19. Bd2 Qc7 20. Rfe1 e5 21. Nb3 Bc6 22. Re3 e4 23. Be2 d5 24. Nd4 Bd7 25. Bb4 Bxb4 26. axb4 Qe5 27. Rg3 Rc7 28. Qh6 Ne8 29. f4 exf3 30. Bd3 Qxd4+ 31. Kh2 f5 32. Qxa6 Qxb4 33. Rxf3 Rc6 34. Qa1 Nc7 35. Rdf1 g6 36. g4 Ra8 37. Qe5 Re8 38. Qg3 fxg4 39. hxg4 Qxg4 40. Qf2 Qb4 41. Rf7 Qd6+ 42. Kh1 Bh3 43. Qh4 h5 44. Qxh3 d4 45. Kg1 Re3 46. Qc8+ Ne8 47. Rf8+ Kg7 48. R1f7+ Kh6 49. Rh8+ Kg5 50. Rf5+ Kg4 51. Be2+ Rxe2 52. Rg5+ Kxg5 53. Qh3 Rcxc2 54. Qf1 Qh2# 0-1